Erraten Sie die Fußballer anhand ihrer Karrierewege #6 - Statistiken

Allgemein
  • Dieses Quiz wurde 165 mal gespielt
  • Das Durchschnittsergebnis liegt bei 5 aus 10
Antwortstatistiken
Spieler Mannschaften % Korrekt
Marco Reus
94%
Luka Modrić
90%
Miroslav Klose
86%
Eden Hazard
66%
Andrea Pirlo
42%
Gheorghe Hagi
26%
Dennis Bergkamp
21%
Hristo Stoichkov
12%
Gabriel Batistuta
10%
Zico
5%
Keine übereinstimmenden Quizze gefunden
Verteilung der Resultate
Anzahl Personen mit jedem Resultat
Perzentil nach korrekt beantworteten Fragen
Ihre Resultats-Entwicklung
Sie haben dieses Quiz noch nicht gespielt